000 00883cam a2200277 4500
001 26087
003 BD-RjUL
005 20211209050953.0
008 140320r19491907ctua b 001 0beng
020 _a0837161657
035 _a(BD-RjUL)26157
040 _aDLC
_cDLC
_dDLC
_beng
041 _aeng
082 0 0 _a945.080924
_aB
_bTRG 1949
100 1 _aTrevelyan, George Macaulay,
_d1876-1962.
_955186
245 1 0 _aGaribaldi's defence of the Roman Republic, 1848-9 /
_cGeorge Macaulay Trevelyan,
260 _aLondon :
_blongmans ,Green ,
_cc1907 [impression1949]
300 _axv, 387 p. :
_bill. ;
_c23 cm.
500 _aReprint of the 1912 ed.
504 _aincludes index
600 1 0 _aGaribaldi, Giuseppe,
_d1807-1882.
_980163
651 0 _aRome (Italy)
_xHistory
_yRevolution of 1848-1849.
_980162
942 _2ddc
_cBK
999 _c26087
_d26087